Burundi makes progress toward sustainable economic growth.

Zlepšenie hospodárskych a finančných výsledkov v Burundi po uplynutí prvého roku štvorročného programu štruktúrnej adaptácie financovaného z účelového fondu MMF (ESAF). Prehľad hospodárskeho vývoja Burundi od začiatku 80. rokov, rozbor hlavných cieľov a bodov hospodárskeho programu 1991-1994 a doter...

Description complète

Enregistré dans:
Détails bibliographiques
Format: Chapitre de livre
Langue:anglais
Sujets:
Tags: Ajouter un tag
Pas de tags, Soyez le premier à ajouter un tag!

MARC

LEADER 00000naa a2200000 4500
001 r009018
005 20220913122258.9
041 0 |a eng 
044 |a US 
245 1 0 |a Burundi makes progress toward sustainable economic growth. 
520 |a Zlepšenie hospodárskych a finančných výsledkov v Burundi po uplynutí prvého roku štvorročného programu štruktúrnej adaptácie financovaného z účelového fondu MMF (ESAF). Prehľad hospodárskeho vývoja Burundi od začiatku 80. rokov, rozbor hlavných cieľov a bodov hospodárskeho programu 1991-1994 a doterajších výsledkov. 
610 2 0 |a rast hospodársky 
610 2 0 |a Burundi 
610 2 0 |a zmeny štruktúrne 
610 2 0 |a pomoc finančná 
610 2 0 |a Medzinárodný menový fond 
610 2 0 |a vývoj hospodársky 
610 2 0 |a programy vládne 
610 2 0 |a 1991-1994